Η διαπολιτισμική εκπαίδευση στα πλαίσια της Ευρωπαϊκής Ένωσης: μια συγκριτική ανάλυση στα αναλυτικά προγράμματα σπουδών Αγγλίας και Ελλάδας : διπλωματική εργασία [μεταπτυχιακή εργασία]
Αποθηκεύτηκε σε:
| Κύριος συγγραφέας: | |
|---|---|
| Συγγραφή απο Οργανισμό/Αρχή: | |
| Άλλοι συγγραφείς: | |
| Μορφή: | Thesis Βιβλίο |
| Γλώσσα: | Greek |
| Δημοσίευση: |
2010
|
| Θέματα: | |
| Διαθέσιμο Online: | http://hdl.handle.net/11610/12412 |
| Ετικέτες: |
Προσθήκη ετικέτας
Δεν υπάρχουν, Καταχωρήστε ετικέτα πρώτοι!
|
MARC
| LEADER | 00000cam a2200000 i 4500 | ||
|---|---|---|---|
| 001 | 1/13515 | ||
| 008 | 110606s2010 gre d | ||
| 035 | |l 10110230 | ||
| 040 | |a GR-MY-UA |b gre |e aacr | ||
| 041 | 0 | |a gre | |
| 082 | 0 | |a 370.196 |2 (22) | |
| 100 | 1 | |a Ξυπολιάς, Ιωάννης. | |
| 245 | 1 | 2 | |a Η διαπολιτισμική εκπαίδευση στα πλαίσια της Ευρωπαϊκής Ένωσης: μια συγκριτική ανάλυση στα αναλυτικά προγράμματα σπουδών Αγγλίας και Ελλάδας : |b διπλωματική εργασία [μεταπτυχιακή εργασία] / |c Ξυπολιάς Ιωάννης ; επιβλέπων: Σεϊμένης Ιωάννης |
| 260 | |c 2010 | ||
| 300 | |a 112 σ.; |b πιν.; |c 30 εκ. | ||
| 500 | |a Μέλη εξεταστικής επιτροπής: Κόνσολας Εμμανουήλ, Συρόπουλος Σπυρίδων | ||
| 502 | |a Διατριβή (μεταπτυχιακή) – Πανεπιστήμιο Αιγαίου, Ρόδος, 2010. | ||
| 504 | |a Βιβλιογραφία: σ. 103-106 | ||
| 650 | 0 | 0 | |a Multicultural education |z Europe. |
| 650 | 0 | 0 | |a Multicultural education |z Great Britain. |
| 650 | 0 | 0 | |a Multicultural education |z Greece. |
| 650 | 0 | 0 | |a Educational planning |z Great Britain. |
| 650 | 0 | 0 | |a Educational planning |z Greece. |
| 650 | 0 | 0 | |a Dissertations, Academic |z Greece. |
| 700 | 1 | |a Σεϊμένης, Γιάννης. |4 ths | |
| 710 | 2 | |a Πανεπιστήμιο Αιγαίου |b Σχολή Ανθρωπιστικών Επιστημών |b Τμήμα Μεσογειακών Σπουδών |b Πρόγραμμα Μεταπτυχιακών Σπουδών Πολιτικές, Οικονομικές και Διεθνείς Σχέσεις στη Μεσόγειο. | |
| 852 | |a INST |b RHODES |c DIATR |e 20110606 |h 370.196 ΞΥΠ |p 005400033305 |q 005400033305 |t MTXE |y 23 | ||
| 852 | |a INST |b RHODES |c DIATR |e 20110606 |h 370.196 ΞΥΠ |p 005400033511 |q 005400033511 |t MTXE |y 23 | ||
| 856 | |u http://hdl.handle.net/11610/12412 | ||
| 901 | |a BIBL4-2011-2 | ||
| 909 | |a Ρ |b 163636 | ||
| 909 | |a Ρ |b 163637 | ||
| 924 | |a ΞΥΠΟΛΙΑΣ |b ΙΩΑΝΝΗΣ |y ΡΟΔΟΣ |z 2011-06 | ||
| 970 | |z 2010/05/ | ||